00699nam a2200229 a 4500001001300000003000900013005001700022008004100039020001000080082001600090100002100106245005600127260004700183300000900230500003500239505002200274650002200296902000800318942000700326952011900333999001700452nice12345678IN_TiNIC20260116015159.0050524s1993 mona grp 000 0 eng  ac10000a303.61bJAB aJabbour, Elias J aSulhab Palestinian Traditional Peacemaking Process aMontrealbHouse of Hope Publicationsc1993 a126p aincludes index and biblioraphy2 aLanguage Kashmiri aCivilization-Arab bSRS cBK 001040708StackRoom-aHMIbHMId2007-03-20g100.00l0o303.61 JABp11000999r2007-03-20v100.00w2005-05-24yBK c18646d18646